Les 100 meilleurs club de foot masculin d'Europe sur 10 saisons (UEFA) - Statistiques

Statistiques générales
  • Ce quiz a été pris 217 fois
  • Le résultat moyen est 41 sur 100
Statistiques - réponses
# Pays du club Club % Correct
1 Espagne Real Madrid
98%
5 Espagne FC Barcelone
97%
3 Angleterre Manchester City
96%
7 France PSG
95%
2 Allemagne Bayern Munich
94%
9 Angleterre Manchester United
94%
4 Angleterre Liverpool FC
93%
6 Espagne Atletico Madrid
92%
8 Italie Juventus de turin
92%
34 Italie AC Milan
91%
10 Allemagne Borrussia Dortmund
91%
13 Angleterre Chelsea
89%
18 Italie Inter Milan
89%
12 Angleterre Arsenal
85%
17 Portugal FC Porto
85%
15 Portugal Benfica
83%
25 France Olympique Lyonnais
83%
43 France Olympique de Marseille
82%
23 Pays-Bas Ajax Amsterdam
81%
11 Italie AS Roma
81%
14 Espagne FC Seville
78%
20 Italie Naples
77%
19 Angleterre Tottenham
73%
16 Allemagne Bayer Leverkusen
71%
27 Italie Lazio Rome
71%
28 Portugal Sporting CP
71%
52 France Lille
68%
41 France AS Monaco
66%
26 Italie Atalanta Bergame
64%
29 Pays Bas PSV
63%
24 Allemagne Leipzig
62%
32 Belgique Club Bruges
60%
65 Espagne Valencia CF
60%
37 Pays-Bas Feyenoord
54%
21 Espagne Villarreal
51%
57 Belgique Anderlecht
46%
48 Espagne Real Sociedad
46%
36 Croatie Dinamo Zagreb
45%
59 Turquie Galatasaray
45%
33 Grèce Olympiakos
45%
64 France Rennes
43%
38 Portugal Braga
41%
49 Italie Fiorentina
41%
86 Angleterre Aston Villa
40%
40 Ecosse Rangers
40%
54 Angleterre West Ham
40%
61 Suisse Young Boys
39%
53 Ecosse Celtic Glasgow
38%
45 Ukraine Dynamo Kiev
38%
30 Allemagne Eintracht Francfort
36%
31 Autriche RB Salzburg
35%
47 Turquie Fenerbahçe
33%
77 Angleterre Leicester
32%
92 Angleterre New Castle
30%
46 Russie Zénith Saint-Pétersbourg
29%
75 Allemagne FC Schalke 04
28%
60 République Tchèque AC Sparta Prague
27%
69 Autriche Rapid Vienne
27%
22 Ukraine Shakhtar Donetsk
26%
55 Turquie Besiktas
23%
44 République Tchèque SK Slavia Prague
23%
74 Allemagne Wolfsburg
23%
93 Angleterre Everton
22%
88 Belgique KRC Genk
22%
63 Israël Maccabi Tel Aviv FC
21%
73 Russie CSKA Moscou
18%
67 Espagne Real Betis
17%
97 Espagne Girona
14%
100 Espagne Celta Vigo
13%
78 Chypre APOEL Nicosie
12%
50 Pays-Bas AZ Alkmaar
12%
51 République Tchèque FC Viktoria Plzeň
12%
35 Suisse Basel
11%
91 Angleterre Brighton & Hove
11%
58 Grèce PAOK
11%
66 Azerbaïdjan Qarabağ FK
11%
99 Espagne Espanyol
10%
42 Belgique KAA Gent
10%
84 Russie Lokomotiv Moscou
10%
87 Kazakhstan FK Astana
9%
80 Serbie FK Partizan Belgrade
9%
81 Pologen Legia Warszawa
8%
62 Esapgne Athletic Club
7%
71 Hongrie Ferencvaros
7%
76 Norvège FK Bodø/Glimt
7%
98 Espagne Osasuna
7%
68 Bulgarie PFK Ludogorets Razgrad
7%
90 Slovaquie ŠK Slovan Bratislava
7%
93 Angleterre Wolverhampton
7%
93 Angleterre Southampton
6%
83 Roumanie FCSB
5%
82 Russie FK Krasnodar
5%
72 Danemark Midtjylland
5%
70 Norvège Molde FK
5%
79 Turquie Başakşehir FK
4%
85 Autriche LASK
4%
39 Danemark Copenhague FC
3%
89 Allemagne Möchengladbach
3%
93 Angleterre Burnley
2%
56 Serbie Crvena Zvezda
2%
Aucun quiz correspondant
Distribution des résultats
% des personnes avec chaque résultat
Percentile par nombre de réponses
Votre historique - résultats
Vous n’avez pas pris ce quiz